[Event "NB1 Maroczy csoport"]
[Site "Szeged"]
[Date "2024.11.03"]
[Round "1.7"]
[White "Dibusz, Domonkos"]
[Black "Apro, Adrian"]
[Result "1/2-1/2"]
[WhiteElo "2084"]
[BlackElo "2105"]
[PlyCount "93"]
[EventDate "2024.11.03"]
[EventType "team-tourn"]
[EventRounds "11"]
[EventCountry "HUN"]
[Source "chess.hu"]
[SourceDate "2024.11.04"]
[WhiteTeam "DEAC-Debr.Sakkiskola"]
[BlackTeam "Maroczy SE II."]
[WhiteTeamCountry "HUN"]
[BlackTeamCountry "HUN"]

1. e4 c5 2. Nc3 Nc6 3. g3 g6 4. Bg2 Bg7 5. Nge2 d6 6. d3 e6 7. Be3 Nge7 8. h4
h5 9. Qd2 Nd4 10. O-O Qa5 11. Bxd4 cxd4 12. Nb1 Qxd2 13. Nxd2 O-O 14. Nc4 Rd8
15. a4 d5 16. exd5 Nxd5 17. Na5 Rb8 18. Ra3 Rd6 19. Nc4 Rd7 20. a5 b5 21. axb6
axb6 22. Rfa1 Kh7 23. Ra8 Rxa8 24. Rxa8 Bb7 25. Ra7 b5 26. Bxd5 exd5 27. Nb6
Re7 28. Kf1 Bf6 29. Nf4 Bc6 30. Rxe7 Bxe7 31. Nbxd5 Bd6 32. Ke2 Kh6 33. Nf6 Be5
34. Ne4 f6 35. Nh3 Bd7 36. Nf4 g5 37. Nd5 gxh4 38. gxh4 f5 39. Ng5 Kg6 40. Nf3
Bg7 41. Nf4+ Kh6 42. Ng5 Bf6 43. Nf7+ Kg7 44. Ng5 Kh6 45. Nf7+ Kg7 46. Ng5 Kh6
47. Nf7+ 1/2-1/2

[Event "NB1 Maroczy csoport"]
[Site "Szeged"]
[Date "2024.11.03"]
[Round "1.8"]
[White "Papp, Balazs"]
[Black "Donka, Peter"]
[Result "1/2-1/2"]
[WhiteElo "2034"]
[BlackElo "1972"]
[PlyCount "81"]
[EventDate "2024.11.03"]
[EventType "team-tourn"]
[EventRounds "11"]
[EventCountry "HUN"]
[Source "chess.hu"]
[SourceDate "2024.11.04"]
[WhiteTeam "Maroczy SE II."]
[BlackTeam "DEAC-Debr.Sakkiskola"]
[WhiteTeamCountry "HUN"]
[BlackTeamCountry "HUN"]

1. Nf3 b6 2. c4 Bb7 3. Nc3 e6 4. a3 Nf6 5. d4 d5 6. Bf4 Bd6 7. Ne5 O-O 8. e3
Nc6 9. cxd5 Nxd5 10. Nxd5 Bxe5 11. dxe5 exd5 12. Qc2 Qe7 13. Rc1 Rac8 14. Bd3
g6 15. Qc3 Rfd8 16. O-O d4 17. exd4 Nxd4 18. Rfe1 c5 19. Bf1 Rd7 20. Qg3 Nf5
21. Qh3 Rd4 22. Rc4 Rcd8 23. Rxd4 Rxd4 24. Bc1 Qe6 25. Qc3 Qd5 26. f3 Rd1 27.
Bg5 Rxe1 28. Qxe1 h6 29. Bf6 Kh7 30. Qc3 Qd7 31. Qd3 Nd4 32. h4 h5 33. Qe3 a5
34. Bd3 b5 35. Qg5 Nf5 36. Bxf5 Qxf5 37. Qxf5 gxf5 38. f4 b4 39. axb4 cxb4 40.
Be7 b3 41. g3 1/2-1/2

[Event "NB1 Maroczy csoport"]
[Site "Szeged"]
[Date "2024.11.03"]
[Round "1.9"]
[White "Balazs, Marcell"]
[Black "Borus, Andras"]
[Result "1-0"]
[WhiteElo "1977"]
[BlackElo "1951"]
[PlyCount "51"]
[EventDate "2024.11.03"]
[EventType "team-tourn"]
[EventRounds "11"]
[EventCountry "HUN"]
[Source "chess.hu"]
[SourceDate "2024.11.04"]
[WhiteTeam "DEAC-Debr.Sakkiskola"]
[BlackTeam "Maroczy SE II."]
[WhiteTeamCountry "HUN"]
[BlackTeamCountry "HUN"]

1. d4 Nf6 2. c4 g6 3. f3 d6 4. Nc3 Bg7 5. e4 O-O 6. Bg5 h6 7. Be3 e5 8. d5 c6
9. Qd2 cxd5 10. cxd5 a6 11. h4 Kh7 12. g4 Ng8 13. O-O-O b5 14. Nh3 Nd7 15. Bd3
Nb6 16. Ng5+ Kh8 17. h5 b4 18. Ne2 f6 19. Nf7+ Rxf7 20. hxg6 Rc7+ 21. Kb1 Nc4
22. Bxc4 Rxc4 23. Bxh6 Nxh6 24. Rxh6+ Kg8 25. Rdh1 Rc7 26. Ng3 1-0

[Event "NB1 Maroczy csoport"]
[Site "Szeged"]
[Date "2024.11.03"]
[Round "1.10"]
[White "Bernath, Robert"]
[Black "Fazokan, Marcell"]
[Result "1/2-1/2"]
[WhiteElo "1927"]
[BlackElo "1984"]
[PlyCount "86"]
[EventDate "2024.11.03"]
[EventType "team-tourn"]
[EventRounds "11"]
[EventCountry "HUN"]
[Source "chess.hu"]
[SourceDate "2024.11.04"]
[WhiteTeam "Maroczy SE II."]
[BlackTeam "DEAC-Debr.Sakkiskola"]
[WhiteTeamCountry "HUN"]
[BlackTeamCountry "HUN"]

1. e4 c6 2. d4 d5 3. e5 c5 4. Nf3 cxd4 5. Nxd4 Nc6 6. Bb5 Bd7 7. Nxc6 bxc6 8.
Bd3 e6 9. O-O Ne7 10. Nd2 Ng6 11. Nf3 Be7 12. Re1 Qc7 13. c3 c5 14. Qe2 a5 15.
Bg5 Bc6 16. Bxe7 Qxe7 17. Bb5 Qb7 18. Bxc6+ Qxc6 19. h4 Ne7 20. Qd2 h6 21. b4
O-O 22. a3 Rfb8 23. Rab1 Qa4 24. Qb2 Rb5 25. Qb3 Qxb3 26. Rxb3 axb4 27. axb4
Nc6 28. Reb1 Rab8 29. Kf1 cxb4 30. cxb4 Rxb4 31. Rxb4 Rxb4 32. Rxb4 Nxb4 33.
Nd4 Nd3 34. Nc6 Kf8 35. Ke2 Nc5 36. h5 Ke8 37. Ke3 Kd7 38. Nd4 f6 39. f4 Na4
40. f5 Nc5 41. exf6 gxf6 42. fxe6+ Nxe6 43. Nf5 d4+ 1/2-1/2

[Event "NB1 Maroczy csoport"]
[Site "Szeged"]
[Date "2024.11.03"]
[Round "1.11"]
[White "Ats, Laszlo Gyorgy"]
[Black "Szamko, Hanna"]
[Result "1-0"]
[WhiteElo "1883"]
[BlackElo "1836"]
[PlyCount "91"]
[EventDate "2024.11.03"]
[EventType "team-tourn"]
[EventRounds "11"]
[EventCountry "HUN"]
[Source "chess.hu"]
[SourceDate "2024.11.04"]
[WhiteTeam "DEAC-Debr.Sakkiskola"]
[BlackTeam "Maroczy SE II."]
[WhiteTeamCountry "HUN"]
[BlackTeamCountry "HUN"]

1. d4 d5 2. Bf4 c6 3. h4 Nf6 4. e3 e6 5. Nf3 Qb6 6. b3 Ne4 7. c3 Nd7 8. Bd3
Ndf6 9. Ne5 Be7 10. g4 Nd6 11. g5 Nd7 12. Nd2 c5 13. Qe2 a6 14. a4 Qa5 15. Rc1
g6 16. h5 Rg8 17. hxg6 hxg6 18. Rh7 Nxe5 19. Bxe5 Nf5 20. f4 Bd7 21. Kf2 Rf8
22. e4 dxe4 23. Bxe4 Nd6 24. Bxg6 fxg6 25. Rxe7+ Kxe7 26. Bxd6+ Kf7 27. Qe5 Qd8
28. Bxf8 Qxf8 29. Rh1 Qg7 30. Qxc5 Bc6 31. Rh6 Rh8 32. Qe5 Rxh6 33. Qxg7+ Kxg7
34. gxh6+ Kxh6 35. Nf3 Be4 36. Ng5 Bc2 37. Nxe6 Bxb3 38. Nc5 Bd5 39. a5 Kh5 40.
Ke3 Kg4 41. Nd7 Kf5 42. Ne5 g5 43. fxg5 Kxg5 44. c4 Bg2 45. d5 Kf6 46. Nd7+ 1-0

[Event "NB1 Maroczy csoport"]
[Site "Szeged"]
[Date "2024.11.03"]
[Round "1.12"]
[White "Korosi, Zsombor"]
[Black "Vass, Boglarka"]
[Result "1-0"]
[WhiteElo "1787"]
[BlackElo "1835"]
[PlyCount "63"]
[EventDate "2024.11.03"]
[EventType "team-tourn"]
[EventRounds "11"]
[EventCountry "HUN"]
[Source "chess.hu"]
[SourceDate "2024.11.04"]
[WhiteTeam "Maroczy SE II."]
[BlackTeam "DEAC-Debr.Sakkiskola"]
[WhiteTeamCountry "HUN"]
[BlackTeamCountry "HUN"]

1. e4 c5 2. Nf3 Nc6 3. d4 cxd4 4. Nxd4 Nf6 5. Nc3 g6 6. Be3 Bg7 7. Be2 O-O 8.
Qd2 d5 9. exd5 Nxd5 10. Nxd5 Qxd5 11. Bf3 Qe5 12. Nxc6 bxc6 13. c3 Ba6 14.
O-O-O Qa5 15. a3 Bc4 16. Be4 Rab8 17. Bh6 Rxb2 18. Qxb2 Bxh6+ 19. Kc2 Bf4 20.
Qb4 Qa6 21. Rd4 Bb3+ 22. Qxb3 Qe2+ 23. Kb1 c5 24. Bd3 Qe5 25. Rd7 c4 26. Qxc4
Rb8+ 27. Kc2 Qa5 28. Qxf4 Rc8 29. Qd4 e5 30. Qb4 Qb6 31. Qxb6 axb6 32. Rb1 1-0

[Event "NB1 Maroczy csoport"]
[Site "Kecskemet"]
[Date "2024.11.03"]
[Round "1.1"]
[White "Szuk, Balazs"]
[Black "Lajthajm, Borko"]
[Result "1/2-1/2"]
[WhiteElo "2367"]
[BlackElo "2330"]
[PlyCount "42"]
[EventDate "2024.11.03"]
[EventType "team-tourn"]
[EventRounds "11"]
[EventCountry "HUN"]
[Source "chess.hu"]
[SourceDate "2024.11.04"]
[WhiteTeam "HUSI SC"]
[BlackTeam "Neumann J. Egyetem"]
[WhiteTeamCountry "HUN"]
[BlackTeamCountry "HUN"]

1. e4 e5 2. Nf3 Nf6 3. Nc3 Bb4 4. Nxe5 Qe7 5. Nd3 Bxc3 6. dxc3 Qxe4+ 7. Be2 d6
8. O-O O-O 9. Nf4 Nc6 10. Bd3 Qe7 11. Nh5 Ne5 12. Bg5 Bg4 13. Bxf6 gxf6 14. Be2
Bxh5 15. Bxh5 f5 16. f4 Ng6 17. Re1 Qf6 18. g3 Rfe8 19. Qd4 Qxd4+ 20. cxd4 a5
21. Kf2 c6 1/2-1/2

[Event "NB1 Maroczy csoport"]
[Site "Kecskemet"]
[Date "2024.11.03"]
[Round "1.2"]
[White "Milosevic, Milos"]
[Black "Papp, Gellert"]
[Result "1-0"]
[WhiteElo "2306"]
[BlackElo "2250"]
[PlyCount "83"]
[EventDate "2024.11.03"]
[EventType "team-tourn"]
[EventRounds "11"]
[EventCountry "HUN"]
[Source "chess.hu"]
[SourceDate "2024.11.04"]
[WhiteTeam "Neumann J. Egyetem"]
[BlackTeam "HUSI SC"]
[WhiteTeamCountry "HUN"]
[BlackTeamCountry "HUN"]

1. e4 e5 2. Nc3 Nf6 3. d4 exd4 4. Qxd4 Nc6 5. Qd3 Bc5 6. f3 O-O 7. Bg5 h6 8.
Bh4 Ne5 9. Qb5 d6 10. O-O-O Ng6 11. Be1 a6 12. Qe2 b5 13. h4 Bd7 14. h5 Nxh5
15. a3 Nhf4 16. Qd2 Qb8 17. g3 Qa7 18. Qh2 Ne6 19. f4 Be3+ 20. Kb1 Nc5 21. Nf3
Bc6 22. Nd5 Nxe4 23. Nxe3 Qxe3 24. Bg2 Nf2 25. Bxf2 Qxf2 26. Rdf1 Qc5 27. f5
Be4 28. Ne1 Bxf5 29. Qh5 Ne7 30. Bxa8 Rxa8 31. Nd3 Qc6 32. Nb4 Qd7 33. Re1 a5
34. Nd3 Ng6 35. Qf3 Rb8 36. Qe3 Qc6 37. Rh5 Be6 38. Nf4 Nxf4 39. gxf4 Bg4 40.
Rh4 Bf3 41. Rg1 b4 42. Qd4 1-0

[Event "NB1 Maroczy csoport"]
[Site "Kecskemet"]
[Date "2024.11.03"]
[Round "1.3"]
[White "Biro, David"]
[Black "Groszpeter, Attila"]
[Result "1-0"]
[WhiteElo "2249"]
[BlackElo "2424"]
[PlyCount "101"]
[EventDate "2024.11.03"]
[EventType "team-tourn"]
[EventRounds "11"]
[EventCountry "HUN"]
[Source "chess.hu"]
[SourceDate "2024.11.04"]
[WhiteTeam "HUSI SC"]
[BlackTeam "Neumann J. Egyetem"]
[WhiteTeamCountry "HUN"]
[BlackTeamCountry "HUN"]

1. d4 d5 2. Bf4 c5 3. e4 dxe4 4. d5 g6 5. Nc3 Bg7 6. Qd2 Nf6 7. O-O-O O-O 8.
Bh6 a6 9. Bxg7 Kxg7 10. Nge2 Bg4 11. h3 Bxe2 12. Bxe2 b5 13. Qe3 Qd6 14. h4 b4
15. Nxe4 Nxe4 16. Qxe4 Nd7 17. h5 g5 18. h6+ Kh8 19. Bd3 Nf6 20. Qf5 Rg8 21.
Rhe1 Ra7 22. Re5 Rc7 23. b3 a5 24. g4 Rg6 25. Rde1 Rxh6 26. Qxg5 Ng8 27. Qf5
Qf6 28. g5 Qxf5 29. Rxf5 Rg6 30. Rxf7 Rg7 31. Rxg7 Kxg7 32. Rh1 h6 33. gxh6+
Nxh6 34. Rg1+ Kf8 35. Rg6 Ng8 36. Ra6 Nf6 37. Bc4 Ne4 38. f4 Nd6 39. Rxa5 Rc8
40. Kd2 Kf7 41. Kd3 Rh8 42. Rxc5 Rh3+ 43. Kd4 Nf5+ 44. Ke5 Nd6 45. Bd3 Rh5+ 46.
Kd4 Rh4 47. Ke3 Rh3+ 48. Kf2 Rh5 49. Kg3 Kf6 50. Kg4 Rh8 51. Rc6 1-0

[Event "NB1 Maroczy csoport"]
[Site "Kecskemet"]
[Date "2024.11.03"]
[Round "1.4"]
[White "Drazic, Sinisa"]
[Black "Szabo, Balazs"]
[Result "1/2-1/2"]
[WhiteElo "2255"]
[BlackElo "2226"]
[PlyCount "80"]
[EventDate "2024.11.03"]
[EventType "team-tourn"]
[EventRounds "11"]
[EventCountry "HUN"]
[Source "chess.hu"]
[SourceDate "2024.11.04"]
[WhiteTeam "Neumann J. Egyetem"]
[BlackTeam "HUSI SC"]
[WhiteTeamCountry "HUN"]
[BlackTeamCountry "HUN"]

1. b3 Nf6 2. Bb2 g6 3. Nf3 Bg7 4. g3 O-O 5. Bg2 d6 6. d4 c6 7. Nbd2 d5 8. O-O
Bf5 9. c4 Ne4 10. Nxe4 Bxe4 11. Qd2 Nd7 12. Rac1 e6 13. Rfd1 a5 14. Bf1 Bxf3
15. exf3 a4 16. Bc3 axb3 17. axb3 Qb6 18. Rb1 Rfe8 19. Kg2 Ra3 20. Qc2 Rea8 21.
h4 Ra2 22. Rb2 Ra1 23. c5 Qd8 24. b4 Rxd1 25. Qxd1 Ra3 26. Rb3 Qa8 27. Rxa3
Qxa3 28. Qd2 e5 29. dxe5 Bxe5 30. Bxe5 Nxe5 31. Qf4 Qb2 32. h5 gxh5 33. Qf6 Nc4
34. Qd8+ Kg7 35. Qg5+ Kf8 36. Qd8+ Kg7 37. Bxc4 dxc4 38. Qg5+ Kf8 39. Qd8+ Kg7
40. Qg5+ Kf8 1/2-1/2

[Event "NB1 Maroczy csoport"]
[Site "Kecskemet"]
[Date "2024.11.03"]
[Round "1.5"]
[White "Honos, Attila"]
[Black "Balazs, Gabor"]
[Result "0-1"]
[WhiteElo "2194"]
[BlackElo "2369"]
[PlyCount "78"]
[EventDate "2024.11.03"]
[EventType "team-tourn"]
[EventRounds "11"]
[EventCountry "HUN"]
[Source "chess.hu"]
[SourceDate "2024.11.04"]
[WhiteTeam "HUSI SC"]
[BlackTeam "Neumann J. Egyetem"]
[WhiteTeamCountry "HUN"]
[BlackTeamCountry "HUN"]

1. e4 c5 2. c3 d5 3. exd5 Qxd5 4. d4 e6 5. Nf3 Nf6 6. Nbd2 cxd4 7. Bc4 Qh5 8.
cxd4 Be7 9. O-O O-O 10. Re1 Nc6 11. Be2 Qd5 12. Bc4 Qd8 13. Ne4 b6 14. Nc3 Bb7
15. a3 Rc8 16. Ba2 Qd6 17. Nb5 Qd7 18. Bg5 Rfd8 19. Qe2 Ba6 20. a4 h6 21. Bh4
Bxb5 22. axb5 Nxd4 23. Nxd4 Qxd4 24. Bg3 Bb4 25. Be5 Qg4 26. f3 Qh4 27. g3 Qh3
28. Red1 Nd7 29. Bf4 Nf8 30. Bb1 Rxd1+ 31. Qxd1 Qh5 32. Qe2 Qc5+ 33. Kg2 Qe7
34. h4 Bd6 35. Bd2 Bb8 36. Ra4 Qd6 37. Bf4 Qd7 38. Be3 Qd6 39. Bf4 Qe7 0-1

[Event "NB1 Maroczy csoport"]
[Site "Kecskemet"]
[Date "2024.11.03"]
[Round "1.6"]
[White "Marosi, Levente"]
[Black "Feher, Botond"]
[Result "1-0"]
[WhiteElo "2285"]
[BlackElo "2146"]
[PlyCount "99"]
[EventDate "2024.11.03"]
[EventType "team-tourn"]
[EventRounds "11"]
[EventCountry "HUN"]
[Source "chess.hu"]
[SourceDate "2024.11.04"]
[WhiteTeam "Neumann J. Egyetem"]
[BlackTeam "HUSI SC"]
[WhiteTeamCountry "HUN"]
[BlackTeamCountry "HUN"]

1. e4 c5 2. Nf3 d6 3. d4 cxd4 4. Nxd4 Nf6 5. Nc3 g6 6. Be3 Bg7 7. f3 O-O 8. Qd2
Nc6 9. Bc4 Bd7 10. O-O-O Rc8 11. Bb3 Nxd4 12. Bxd4 b5 13. Nd5 Nxd5 14. Bxg7
Kxg7 15. exd5 a5 16. a3 Kg8 17. Rhe1 Rc5 18. Re3 Qa8 19. Rxe7 Bf5 20. g4 a4 21.
Bxa4 Qxa4 22. gxf5 b4 23. Kb1 Rfc8 24. Rc1 bxa3 25. b3 Qh4 26. Re3 Qf6 27. c4
Qxf5+ 28. Ka2 h5 29. Qd4 Ra5 30. b4 Raa8 31. b5 Re8 32. b6 Rab8 33. Rxe8+ Rxe8
34. b7 Qd7 35. Qb6 Rb8 36. Rb1 Kh7 37. Kxa3 h4 38. Qc6 Qe7 39. Rb3 Qd8 40. Rb6
Qf6 41. Qc7 Kg7 42. Ka4 Qa1+ 43. Kb5 Qa7 44. c5 dxc5 45. d6 Qa2 46. Qxb8 Qd5
47. Qc7 Qb3+ 48. Kc6 Qxf3+ 49. Kd7 Qf5+ 50. Kd8 1-0

[Event "NB1 Maroczy csoport"]
[Site "Kecskemet"]
[Date "2024.11.03"]
[Round "1.7"]
[White "Pogany, Zsombor"]
[Black "Soos, Arpad"]
[Result "1/2-1/2"]
[WhiteElo "2178"]
[BlackElo "2341"]
[PlyCount "66"]
[EventDate "2024.11.03"]
[EventType "team-tourn"]
[EventRounds "11"]
[EventCountry "HUN"]
[Source "chess.hu"]
[SourceDate "2024.11.04"]
[WhiteTeam "HUSI SC"]
[BlackTeam "Neumann J. Egyetem"]
[WhiteTeamCountry "HUN"]
[BlackTeamCountry "HUN"]

1. e4 c5 2. Nc3 d6 3. Nge2 g6 4. g3 Bg7 5. d4 cxd4 6. Nxd4 Nf6 7. Bg2 O-O 8.
O-O a6 9. h3 Bd7 10. Nd5 Nc6 11. Be3 Rc8 12. Re1 Nxd5 13. exd5 Nxd4 14. Bxd4
Bxd4 15. Qxd4 Rxc2 16. Be4 Rc8 17. h4 Qc7 18. h5 Qc5 19. Qd2 f5 20. Rac1 Qb6
21. Rxc8 Bxc8 22. Bf3 Qd8 23. hxg6 hxg6 24. Qh6 Rf6 25. Kg2 Qf8 26. Qxf8+ Kxf8
27. Rc1 Bd7 28. Rc7 Bb5 29. Rxb7 g5 30. Rc7 g4 31. Bd1 Bd3 32. f3 Bb1 33. a4
gxf3+ 1/2-1/2

[Event "NB1 Maroczy csoport"]
[Site "Kecskemet"]
[Date "2024.11.03"]
[Round "1.8"]
[White "Siklosi, Zoltan"]
[Black "Sulyok, Eszter"]
[Result "1-0"]
[WhiteElo "2277"]
[BlackElo "2040"]
[PlyCount "146"]
[EventDate "2024.11.03"]
[EventType "team-tourn"]
[EventRounds "11"]
[EventCountry "HUN"]
[Source "chess.hu"]
[SourceDate "2024.11.04"]
[WhiteTeam "Neumann J. Egyetem"]
[BlackTeam "HUSI SC"]
[WhiteTeamCountry "HUN"]
[BlackTeamCountry "HUN"]

1. e4 c5 2. Nf3 e6 3. d4 cxd4 4. Nxd4 a6 5. Bd3 Bc5 6. Nb3 Ba7 7. Qe2 d6 8. Be3
Nf6 9. c4 Bxe3 10. Qxe3 Nc6 11. Nc3 O-O 12. O-O Qe7 13. f4 Rd8 14. Rad1 h6 15.
Rd2 Nb4 16. Rfd1 b5 17. e5 Ng4 18. Qb6 Nxd3 19. Rxd3 bxc4 20. Rxd6 Rf8 21. Na5
h5 22. Rd8 Kh7 23. h3 Rxd8 24. Rxd8 Ne3 25. Qxe3 Qxd8 26. Qe4+ g6 27. Qxa8 Qd4+
28. Kh1 Qf2 29. Qf3 Qxb2 30. Nxc4 Qc1+ 31. Kh2 Bb7 32. Qg3 Kg7 33. h4 Qc2 34.
Ne3 Qd2 35. Nf1 Qc1 36. Ne3 Qd2 37. Nc4 Qc2 38. Nd6 Bxg2 39. Qxg2 Qxc3 40. Qf2
a5 41. Ne4 Qd3 42. Ng5 Qc4 43. Kg3 Qc3+ 44. Nf3 a4 45. Qd2 Qc4 46. a3 Qb3 47.
Qb4 Qd1 48. Qe7 Qb3 49. Qb4 Qc2 50. Qd4 Qb3 51. Qc5 Qd3 52. Kf2 Qe4 53. Qe3
Qc2+ 54. Kg3 Qf5 55. Qc3 Qb1 56. Qc4 Qd1 57. Kf2 Qd7 58. Ke3 Qa7+ 59. Ke2 Qa8
60. Ke3 Qa7+ 61. Nd4 Qa5 62. Qb4 Qd8 63. Qxa4 Qxh4 64. Qd1 Qe7 65. a4 Qa3+ 66.
Kf2 h4 67. Nf3 Qa2+ 68. Qd2 Qxa4 69. Nxh4 g5 70. Ng2 gxf4 71. Qxf4 Qc2+ 72. Kf3
Qd1+ 73. Kg3 Qe1+ 1-0

[Event "NB1 Maroczy csoport"]
[Site "Kecskemet"]
[Date "2024.11.03"]
[Round "1.9"]
[White "Feher, Tamas"]
[Black "Marta, Dominik"]
[Result "1/2-1/2"]
[WhiteElo "2088"]
[BlackElo "2137"]
[PlyCount "58"]
[EventDate "2024.11.03"]
[EventType "team-tourn"]
[EventRounds "11"]
[EventCountry "HUN"]
[Source "chess.hu"]
[SourceDate "2024.11.04"]
[WhiteTeam "HUSI SC"]
[BlackTeam "Neumann J. Egyetem"]
[WhiteTeamCountry "HUN"]
[BlackTeamCountry "HUN"]

1. c4 Nf6 2. g3 e6 3. Bg2 d5 4. Nf3 Be7 5. O-O O-O 6. d4 dxc4 7. Qc2 a6 8. a4
Nbd7 9. Rd1 Rb8 10. Ne5 Nxe5 11. dxe5 Nd5 12. Qxc4 Ne3 13. Rxd8 Nxc4 14. Rxf8+
Bxf8 15. f4 Bc5+ 16. Kf1 Na5 17. Nd2 Bd7 18. b3 Be3 19. Ra2 Re8 20. b4 Nc6 21.
Ba3 Ne7 22. Nc4 Ba7 23. Bc1 Nd5 24. Bd2 b5 25. axb5 Bxb5 26. Na3 Bc6 27. Nc2
Bb5 28. Na3 Bc6 29. Nc2 Bb5 1/2-1/2

[Event "NB1 Maroczy csoport"]
[Site "Kecskemet"]
[Date "2024.11.03"]
[Round "1.10"]
[White "Varasdy, Imre"]
[Black "Fendrik, Lajos"]
[Result "1/2-1/2"]
[WhiteElo "2198"]
[BlackElo "2132"]
[PlyCount "105"]
[EventDate "2024.11.03"]
[EventType "team-tourn"]
[EventRounds "11"]
[EventCountry "HUN"]
[Source "chess.hu"]
[SourceDate "2024.11.04"]
[WhiteTeam "Neumann J. Egyetem"]
[BlackTeam "HUSI SC"]
[WhiteTeamCountry "HUN"]
[BlackTeamCountry "HUN"]

1. d4 Nf6 2. c4 g6 3. Nc3 Bg7 4. e4 d6 5. f3 O-O 6. Be3 a6 7. Nge2 Nbd7 8. Qd2
b5 9. cxb5 axb5 10. Nxb5 c6 11. Nbc3 e5 12. Rd1 d5 13. exd5 cxd5 14. Ng3 h5 15.
Bb5 h4 16. Nge2 h3 17. g3 e4 18. O-O Ba6 19. Bxa6 Rxa6 20. Nf4 exf3 21. Rxf3
Ne4 22. Qe2 Nxc3 23. bxc3 Qa8 24. Nxh3 Rxa2 25. Rd2 Ra3 26. Bg5 Qc6 27. Rc2 Nb6
28. Qf2 f6 29. Bc1 Ra1 30. Kg2 g5 31. Ng1 Nc4 32. Qe2 Re8 33. Qd3 Re4 34. Rff2
Qe6 35. Qf3 Nd6 36. Rfe2 Rxe2+ 37. Rxe2 Ne4 38. Bd2 Ra2 39. Be1 Ra3 40. Qh5 f5
41. Nf3 Nxg3 42. Rxe6 Nxh5 43. Rd6 g4 44. Nh4 Nf4+ 45. Kf1 Nd3 46. Nxf5 Ra1 47.
Re6 Rc1 48. Nxg7 Kxg7 49. Re3 Nxe1 50. Rxe1 Rxc3 51. Re5 Kf6 52. Kg2 Rd3 53.
Rxd5 1/2-1/2

[Event "NB1 Maroczy csoport"]
[Site "Kecskemet"]
[Date "2024.11.03"]
[Round "1.11"]
[White "Horvath, Antal Jr"]
[Black "Panda, Barnabas"]
[Result "1-0"]
[WhiteElo "2034"]
[BlackElo "2126"]
[PlyCount "61"]
[EventDate "2024.11.03"]
[EventType "team-tourn"]
[EventRounds "11"]
[EventCountry "HUN"]
[Source "chess.hu"]
[SourceDate "2024.11.04"]
[WhiteTeam "HUSI SC"]
[BlackTeam "Neumann J. Egyetem"]
[WhiteTeamCountry "HUN"]
[BlackTeamCountry "HUN"]

1. e4 c5 2. Nf3 d6 3. d4 cxd4 4. Nxd4 Nf6 5. Nc3 Nc6 6. Be3 Ng4 7. Bb5 Nxe3 8.
Nxc6 Nxd1 9. Nxd8+ Kxd8 10. Rxd1 e6 11. e5 d5 12. Ne4 Be7 13. f4 h6 14. O-O a6
15. Be2 Bd7 16. Ng3 Rc8 17. c4 dxc4 18. f5 Ke8 19. Bh5 Rf8 20. f6 gxf6 21. exf6
Bc5+ 22. Kh1 Bc6 23. Rfe1 Rg8 24. Rxe6+ Kf8 25. Rxc6 bxc6 26. Rd7 Rg5 27. Bxf7
Re5 28. h4 Rb8 29. Bg6 Be7 30. Nf5 Bxf6 31. Rf7+ 1-0

[Event "NB1 Maroczy csoport"]
[Site "Kecskemet"]
[Date "2024.11.03"]
[Round "1.12"]
[White "Balazs-Szalai, Renata"]
[Black "Tegzes, Laszlo"]
[Result "1-0"]
[WhiteElo "1903"]
[BlackElo "1981"]
[PlyCount "85"]
[EventDate "2024.11.03"]
[EventType "team-tourn"]
[EventRounds "11"]
[EventCountry "HUN"]
[Source "chess.hu"]
[SourceDate "2024.11.04"]
[WhiteTeam "Neumann J. Egyetem"]
[BlackTeam "HUSI SC"]
[WhiteTeamCountry "HUN"]
[BlackTeamCountry "HUN"]

1. d4 Nf6 2. c4 g6 3. Nc3 Bg7 4. e4 d6 5. Be2 O-O 6. Be3 Nbd7 7. Nf3 e5 8. d5
Nc5 9. Nd2 a5 10. a3 Bd7 11. b4 axb4 12. axb4 Rxa1 13. Qxa1 Na6 14. Qb2 Ng4 15.
Bxg4 Bxg4 16. O-O f5 17. f3 Bh5 18. c5 f4 19. Bf2 g5 20. h3 Nb8 21. Nc4 Rf6 22.
Ra1 Qd7 23. cxd6 cxd6 24. Ra8 Rf8 25. Nxd6 Qxd6 26. Bc5 Qd8 27. Bxf8 Bxf8 28.
Na4 Qd6 29. Nc5 Bf7 30. Kh2 Na6 31. Nxa6 bxa6 32. Qa3 Kg7 33. Rxa6 Qc7 34. Rc6
Qb7 35. Qc3 Bxb4 36. Qxe5+ Kg8 37. Qxg5+ Bg6 38. Qd8+ Bf8 39. Rf6 Bf7 40. Rc6
Qb4 41. Rc8 Kg7 42. Qg5+ Bg6 43. Qe5+ 1-0

[Event "NB1 Maroczy csoport"]
[Site "Budapest"]
[Date "2024.11.03"]
[Round "1.1"]
[White "Berebora, Ferenc"]
[Black "Bodi, Tibor"]
[Result "0-1"]
[WhiteElo "2389"]
[BlackElo "2305"]
[PlyCount "88"]
[EventDate "2024.11.03"]
[EventType "team-tourn"]
[EventRounds "11"]
[EventCountry "HUN"]
[Source "chess.hu"]
[SourceDate "2024.11.04"]
[WhiteTeam "Kumania-Kisujszallas"]
[BlackTeam "Aquarena Kobanya  II"]
[WhiteTeamCountry "HUN"]
[BlackTeamCountry "HUN"]

1. d4 b5 2. e4 Bb7 3. Bxb5 Bxe4 4. Nf3 Nf6 5. O-O e6 6. c4 Be7 7. Nc3 Bb7 8.
Be3 O-O 9. a3 a5 10. Rc1 d6 11. Qe2 Nbd7 12. Rfd1 Qc8 13. d5 e5 14. b4 axb4 15.
axb4 c5 16. dxc6 Bxc6 17. Nd5 Nxd5 18. cxd5 Bxb5 19. Qxb5 Rb8 20. Qa5 Qe8 21.
Rc6 f5 22. Ba7 Rb7 23. b5 Qa8 24. Ra1 e4 25. Ne1 Ne5 26. b6 f4 27. Rc7 Bd8 28.
Rxb7 Qxb7 29. Qa6 Rf7 30. Qxb7 Rxb7 31. Rb1 Nd7 32. Rb4 Bxb6 33. Bxb6 Rxb6 34.
Rxe4 Rb7 35. Kf1 Ne5 36. Ke2 Rb2+ 37. Kf1 g5 38. h4 h6 39. hxg5 hxg5 40. Re2
Rb1 41. f3 Nd3 42. Re6 Kf7 43. g3 fxg3 44. Rxd6 Nxe1 0-1

[Event "NB1 Maroczy csoport"]
[Site "Budapest"]
[Date "2024.11.03"]
[Round "1.2"]
[White "Urhegyi, Marton"]
[Black "Balla, Tamas-Kristof"]
[Result "1/2-1/2"]
[WhiteElo "2227"]
[BlackElo "2307"]
[PlyCount "64"]
[EventDate "2024.11.03"]
[EventType "team-tourn"]
[EventRounds "11"]
[EventCountry "HUN"]
[Source "chess.hu"]
[SourceDate "2024.11.04"]
[WhiteTeam "Aquarena Kobanya  II"]
[BlackTeam "Kumania-Kisujszallas"]
[WhiteTeamCountry "HUN"]
[BlackTeamCountry "HUN"]

1. e4 g6 2. d4 Bg7 3. Nc3 d6 4. Be3 c6 5. Qd2 b5 6. O-O-O Qa5 7. Kb1 b4 8. Nce2
Nd7 9. Nc1 Rb8 10. g4 Qc7 11. f3 c5 12. dxc5 Nxc5 13. Bd4 Bxd4 14. Qxd4 Nf6 15.
g5 Ne6 16. Qe3 Nh5 17. Nh3 O-O 18. f4 Qb6 19. Qd2 Nc5 20. Nf2 e5 21. fxe5 dxe5
22. Bc4 Nf4 23. Ne2 Na4 24. Nxf4 Nc3+ 25. Ka1 Nxd1 26. Nd5 Qxf2 27. Nf6+ Kg7
28. Qd6 Qd4 29. Ne8+ Kg8 30. Nf6+ Kg7 31. Ne8+ Kg8 32. Nf6+ Kg7 1/2-1/2